Uvedenie dobropisu do daňového priznania k DPH a do kontrolného výkazu za rok 2016

Postup platiteľov dane pri uvedení údajov z dobropisu, v kontrolnom výkaze a v daňovom priznaní v zdaňovacom období, v ktorom platiteľ dostal doklad o oprave základu dane.

Saved in:
Bibliographic Details
Main Author: Válek, Juraj, 1981-
Format: Book Chapter
Language:Slovak
Subjects:
Tags: Add Tag
No Tags, Be the first to tag this record!

MARC

LEADER 00000naa a2200000 4500
001 0217222
005 20240502073618.3
041 0 |a slo 
044 |a SK 
245 1 0 |a Uvedenie dobropisu do daňového priznania k DPH a do kontrolného výkazu za rok 2016  |c Juraj Válek 
520 |a Postup platiteľov dane pri uvedení údajov z dobropisu, v kontrolnom výkaze a v daňovom priznaní v zdaňovacom období, v ktorom platiteľ dostal doklad o oprave základu dane. 
610 2 0 |a dane z hodnoty pridanej 
610 2 0 |a povinnosť daňová 
610 2 0 |a obdobie zdaňovacie 
610 2 0 |a základ dane 
610 2 0 |a doklady daňové 
610 2 0 |a priznania daňové 
610 2 0 |a dobropis 
100 1 |a Válek, Juraj, 1981-